MDQL
is popping MORE tags! Check the
thread
!
Quizzes
Events
Quiz Creation
Community
Videos
Private Events
Remove Ads
Sign In
Join for FREE
Feedback
Dark Mode
Quiz Categories
Sports
Geography
Music
Movies
Television
Just For Fun
Miscellaneous
History
Literature
Language
Science
Gaming
Entertainment
Religion
Holiday
For Kids
Quiz Lab
Recent
Popular Today
Quiz Kudos Today
Editor Picks
Curator Picks
Quizzes by...
Day
Popularity
Type
Ratings
Length
Year
Community
Subscriptions
Recent Discussions
Orange Saloon
Badges
Playlists
Quests
Create
Leaderboards
Showdown
Live 5
Trivia Bingo
Activity
Puzzle Library
Sporcle Events
Private Events
Virtual Trivia
Globe League
Become a Host
Pub Owners
SporcleCon
Opinionation
Our Games
Videos
Blog
Mobile Apps
Partnerships
Remove Ads and Go Orange
Feedback
Sports
Athletes
MLB
NBA
NHL
NFL
Soccer
Sports Teams
WWE
NCAA
Football
Premier League
Basketball
Baseball
Hockey
Golf
Tennis
Cricket
Rugby
Auto Racing
Olympics
World Cup
Sports
Athletes
MLB
NBA
NHL
NFL
Soccer
Sports Teams
WWE
NCAA
Football
Premier League
Basketball
Baseball
Hockey
Golf
Tennis
Cricket
Rugby
Auto Racing
Olympics
World Cup
Random Quiz
Search Sporcle
×
Quiz Lab
Quiz Lab
Sports
NBA
Type in answers that appear in a list
Type in answers that appear in a list
Classic
Best Score? Go Orange.
Yearly NBA Rebounds Per Game Leaders Stats
Can you name the Yearly NBA Rebounds Per Game Leaders?
By
harlanzo
10m
68 Questions
7,460 Plays
7,460 Plays
7,460 Plays
Comments
Comments
Give Quiz Kudos
Give Quiz Kudos
-
- Ratings
hide this ad
Replay
Link that replays current quiz
Next Quiz
Link to next quiz in quiz playlist
You Got
0%
They Got
Avg Score
63%
Avg Friend Score
Upgrade to see
Score Distribution
Jump to the score distribution portion of the page
Score
0/68
Timer
10:00
0
Plays Today
Year
Player
% Correct
1971-
72
Wilt Chamberlain
95.5%
1959-
60
Wilt Chamberlain
95.5%
1960-
61
Wilt Chamberlain
95.5%
1961-
62
Wilt Chamberlain
95.5%
1962-
63
Wilt Chamberlain
95.5%
1965-
66
Wilt Chamberlain
95.5%
1966-
67
Wilt Chamberlain
95.5%
1967-
68
Wilt Chamberlain
95.5%
1968-
69
Wilt Chamberlain
95.5%
1970-
71
Wilt Chamberlain
95.5%
1972-
73
Wilt Chamberlain
95.5%
1956-
57
Bill Russell
90%
1957-
58
Bill Russell
90%
1958-
59
Bill Russell
90%
1963-
64
Bill Russell
90%
1964-
65
Bill Russell
90%
2007-
08
Dwight Howard
86.6%
2008-
09
Dwight Howard
86.6%
1991-
92
Dennis Rodman
86%
1992-
93
Dennis Rodman
86%
1993-
94
Dennis Rodman
86%
1994-
95
Dennis Rodman
86%
1995-
96
Dennis Rodman
86%
1996-
97
Dennis Rodman
86%
1997-
98
Dennis Rodman
86%
1990-
91
David Robinson
79.2%
1977-
78
Truck Robinson
79%
1988-
89
Hakeem Olajuwon
78.1%
1989-
90
Hakeem Olajuwon
78.1%
1975-
76
Kareem Abdul-Jabbar
77.6%
1978-
79
Moses Malone
77%
1980-
81
Moses Malone
77%
1981-
82
Moses Malone
77%
1982-
83
Moses Malone
77%
Year
Player
% Correct
1983-
84
Moses Malone
77%
1984-
85
Moses Malone
77%
2003-
04
Kevin Garnett
71.7%
2004-
05
Kevin Garnett
71.7%
2005-
06
Kevin Garnett
71.7%
2006-
07
Kevin Garnett
71.7%
2001-
02
Ben Wallace
68.8%
2002-
03
Ben Wallace
68.8%
1951-
52
George Mikan
61.1%
1952-
53
George Mikan
61.1%
1999-
00
Dikembe Mutombo
58.5%
2000-
01
Dikembe Mutombo
58.5%
1986-
87
Charles Barkley
58.4%
1969-
70
Elvin Hayes
41.9%
1973-
74
Elvin Hayes
41.9%
1976-
77
Bill Walton
41.5%
1974-
75
Wes Unseld
40.7%
1985-
86
Bill Laimbeer
29.9%
1950-
51
Dolph Schayes
28.6%
1971-
72 (ABA)
Artis Gilmore
26.2%
1972-
73 (ABA)
Artis Gilmore
26.2%
1973-
74 (ABA)
Artis Gilmore
26.2%
1975-
76 (ABA)
Artis Gilmore
26.2%
1998-
99
Chris Webber
24.7%
1954-
55
Neil Johnston
12.9%
1969-
70 (ABA)
Spencer Haywood
10.6%
1987-
88
Michael Cage
9.2%
1974-
75 (ABA)
Swen Nater
8.2%
1979-
80
Swen Nater
8.2%
1967-
68 (ABA)
Mel Daniels
7.3%
1968-
69 (ABA)
Mel Daniels
7.3%
1970-
71 (ABA)
Mel Daniels
7.3%
1955-
56
Maurice Stokes
5.3%
1953-
54
Harry Gallatin
4.4%
Quiz Playlist
Details
Report
Send in Message
Add To Playlist
Classic:
Type in answers that appear in a list
Last Updated: Jul 13, 2017
Quiz Scoreboard
CHALLENGE
Sign Up to Join the Scoreboard
Show All
Scores
Hide
Comments
May contain spoilers
Recently Published
5x2 Blitz: Bands
by SL_Kpop136
Music
30s
Colored Red Africa Blitz
by spor1
Geography
30s
Find the 'City' Movie
by crazypaving
Movies
60s
More to Explore
Quiz From the Vault
Featured Blog Post
14 Easter Pick-up Lines to Find Eggs With
hide this ad
You Might Also Like...
Tags
Basketball Quiz
NBA Quiz
Year Quiz
Per Game
Player
rebounds
Today's Top Quizzes in Sports
Browse Sports
hide this ad
Today's Top Quizzes in NBA
Browse NBA
Top Contributed Quizzes in Sports
1
Players with Multiple 50 Home Run Seasons
2
Criteria MLB: Left Handed Sluggers
3
MLB Players with Two .350 Batting Average Seasons
4
Who Hit More Homers?
5
Premier League Clubs since 2000 (minefield)
6
Who Needs Fielders?
7
2020 F1 Drivers Logic Puzzle
8
Les entraîneurs de l'OM et du PSG au 21e siècle
9
Top 10 NHL Goal Scorers of All Time
10
MLB Hall of Famer by Rings
Explore More
Trending Topics
NBA
Harry Potter
Disney
Marvel
Crossword
Anime
Kpop
WWE
Song
The Office
NFL
Puzzle
Country
Soccer
Pokémon
hide this ad
More By:
harlanzo
Quiz
Plays
Rating
Category
Featured
Created
NBA PPG Leaders (Season)
356,100
4.33
Sports
Nov 22, 2009
Yearly NBA Rebounds Per Game Leaders
7,460
4.17
Sports
Dec 3, 2009
Most NBA Points Scored in the 1980s
6,497
4.51
Sports
Nov 21, 2009
Most Points Scored in NBA in the 1990s
4,901
4.44
Sports
Nov 21, 2009
Most NBA Points Scoreds in 1970s
2,907
4.48
Sports
Dec 1, 2009
Go to Creator's Profile
Score Distribution
Quiz Creator Spotlight
harlanzo
Follow
Send a Message
Quizzes Created
-
Created Quiz Play Count
-
More By This Creator
Popular Quizzes Today
1
Find the 'City' Movie
2
5x2 Blitz: Bands
3
Colored Red Africa Blitz
4
Find the US States - No Outlines Minefield
5
The Countries of the World
6
Find the US States
7
9x9 Crossword: Cartoon Network
8
US States
More Sports Quizzes
Australian Domestic Cricket Teams Minefield
Curator's Pick
Trending Quizzes
Colored Red Europe Blitz I
Colored Red Africa Blitz II
Colored Red Europe Blitz III
Colored Red Europe Blitz II
Colored Red Africa Blitz III
Recently Updated
Champions League XIs: Real Madrid
pecheneg
Largest US Cities 1790-2010
pecheneg
Rides in Walt Disney World
pecheneg
Most Oscar Losses (Acting)
pecheneg
Beyoncé Albums
pecheneg
Leaping Animals
pecheneg
Reality TV Shows (A-Z)
bhenderson79
Rickey Henderson's Hall of Fame Teammates
pecheneg
Champions League XIs: Arsenal
pecheneg
Quick Pick: Celebrities in WWE's Hall of Fame
aduchscher
Trending Topics
Crossword
Harry Potter
Marvel
Anime
NBA
Disney
Kpop
Puzzle
Soccer
WWE
Song
Pokémon
NFL
Country
The Office
Your Account Isn't Verified!
In order to create a playlist on Sporcle, you need to verify the email address you used during registration. Go to your
Sporcle Settings
to finish the process.
Report this User
Report this user for behavior that violates our
Community Guidelines
.
Details:
Send Report
Go to the Sporcle.com Mobile Site →
Comments